[Event "13th Asia-ch"]
[Site "Al-Ain UAE"]
[Date "2015.08.08"]
[Round "7"]
[White "Nitin, Senthilvel"]
[Black "Gundavaa, Bayarsaihan"]
[Result "1/2-1/2"]
[WhiteElo "2404"]
[BlackElo "2492"]
[EventDate "2015.08.02"]
[PlyCount "135"]

1.e4 c5 2.Nf3 d6 3.d4 cxd4 4.Qxd4 Nc6 5.Bb5 Bg4 6.Qd3 Nf6 7.O-O Nd7 8.Nc3 
Rc8 9.Nd4 Nde5 10.Qg3 Bd7 11.Nxc6 Bxc6 12.Bf4 Bxb5 13.Nxb5 a6 14.Bxe5 dxe5
15.Nc3 e6 16.Qxe5 Qc7 17.Qxc7 Rxc7 18.Rac1 Rc4 19.f3 Bc5+ 20.Kh1 Ke7 21.
Nb1 Rd4 22.Rfd1 Rhd8 23.Rxd4 Rxd4 24.g3 g5 25.h3 h5 26.Kg2 b5 27.Re1 Bd6 
28.Re2 h4 29.gxh4 gxh4 30.c3 Rd1 31.Nd2 Bf4 32.Nb3 Kd6 33.Nd4 Kc5 34.e5 
Kd5 35.Nc2 a5 36.b3 Rd3 37.Na3 Rxc3 38.Nxb5 Rc8 39.Re4 Bxe5 40.Rxh4 Rc2+ 
41.Kf1 Rxa2 42.Ra4 Rxa4 43.bxa4 Kc4 44.Ke2 Kb4 45.Kd3 Kxa4 46.Kc4 Bg3 47.
Nc3+ Ka3 48.Ne4 Be1 49.Kb5 Kb3 50.Nc5+ Kc3 51.Nb7 f5 52.Nxa5 Kd3 53.Nc6 
Ke3 54.Kc5 f4 55.Kd6 Kxf3 56.Ne5+ Kg3 57.Kxe6 Bc3 58.Nd3 f3 59.Kf5 Kxh3 
60.Kf4 Kg2 61.Kg4 Bd2 62.Kf5 Kg3 63.Ke4 Ba5 64.Ke3 Bd8 65.Kd2 Bg5+ 66.Kd1 
Be3 67.Ne1 f2 68.Ke2 1/2-1/2

[Event "13th Asia-ch"]
[Site "Al-Ain UAE"]
[Date "2015.08.08"]
[Round "7"]
[White "Chu Wei Chao"]
[Black "Batchuluun, Cegmed"]
[Result "1-0"]
[WhiteElo "2318"]
[BlackElo "2485"]
[EventDate "2015.08.02"]
[PlyCount "85"]

1.d4 d5 2.c4 c6 3.Nf3 Nf6 4.Nc3 dxc4 5.e4 b5 6.e5 Nd5 7.a4 e6 8.Ng5 Be7 9.
h4 h6 10.Nge4 b4 11.Nb1 Ba6 12.Nbd2 c3 13.Nc4 cxb2 14.Bxb2 O-O 15.Qg4 Nd7 
16.Rh3 h5 17.Qf3 f6 18.Rg3 Bxc4 19.Bxc4 Qe8 20.Qd3 fxe5 21.Ng5 Bxg5 22.
Rxg5 Qf7 23.f3 Qf4 24.Rxh5 Qg3+ 25.Kd1 N7f6 26.Rxe5 Qxg2 27.Qe2 Qxe2+ 28.
Kxe2 Nf4+ 29.Kd2 N6d5 30.a5 Rf6 31.Rg1 Raf8 32.Kc2 Rf5 33.Kb3 Kf7 34.Ka4 
Rh8 35.Rg4 g6 36.Bc1 Nh5 37.Bd3 Rxf3 38.Bxg6+ Kf6 39.Bxh5 Nc3+ 40.Kxb4 
Na2+ 41.Kc5 Nxc1 42.Rg6+ Kf7 43.Rg3+ 1-0

[Event "13th Asia-ch"]
[Site "Al-Ain UAE"]
[Date "2015.08.08"]
[Round "7"]
[White "Saiyn, Zhanat"]
[Black "Narayanan, Sunilduth Lyna"]
[Result "1-0"]
[WhiteElo "2404"]
[BlackElo "2481"]
[EventDate "2015.08.02"]
[PlyCount "149"]

1.d4 Nf6 2.c4 e6 3.Nc3 Bb4 4.e3 O-O 5.Bd3 d5 6.Nf3 c5 7.O-O Nc6 8.a3 Ba5 
9.h3 dxc4 10.Bxc4 h6 11.Bd3 cxd4 12.exd4 Bc7 13.Re1 b6 14.Bc2 Ne7 15.Ne5 
Bb7 16.Bf4 Nfd5 17.Nxd5 Nxd5 18.Qd3 f5 19.Bg3 Qg5 20.Nf3 Qg6 21.Bxc7 Nxc7 
22.Qe3 Rae8 23.Kh2 Nd5 24.Qe5 Nf6 25.Ba4 Rd8 26.Bb3 Kh8 27.Bxe6 Be4 28.Nh4
Qh5 29.Qg3 f4 30.Qxf4 g5 31.Qe5 Qxh4 32.g3 Qh5 33.Rxe4 Qf3 34.Re2 Rxd4 35.
Rae1 Rdd8 36.Kg1 Qb7 37.Rc2 Qe7 38.Rc7 Qd6 39.Qc3 Qd2 40.Rxa7 Qxc3 41.bxc3
Rfe8 42.Rf7 Nd7 43.Rf3 Nc5 44.Rfe3 Rd2 45.Bf5 Rxe3 46.Rxe3 Kg7 47.Bg4 Kf6 
48.Bf3 Rc2 49.Bd5 b5 50.Bc6 Rb2 51.Re1 Rb3 52.Rc1 Ke5 53.Be8 Kd6 54.Rd1+ 
Ke6 55.Re1+ Kf6 56.Re3 Rb1+ 57.Kg2 Rb2 58.Kf3 Ne6 59.a4 bxa4 60.Bxa4 Nc5 
61.Bc6 Rd2 62.Bb5 Rb2 63.Be2 Rc2 64.c4 Ne6 65.Kg2 Nc5 66.Bf1 Rd2 67.Rf3+ 
Ke6 68.Re3+ Kf6 69.Re2 Rd4 70.Ra2 Rd6 71.Be2 Ke5 72.Bf3 Rf6 73.Rd2 Nb3 74.
Rd5+ Ke6 75.Rb5 1-0

[Event "13th Asia-ch"]
[Site "Al-Ain UAE"]
[Date "2015.08.08"]
[Round "7"]
[White "Al-Rakib, Abdullah"]
[Black "Ahmed, Abdul Sattar Wahab"]
[Result "1-0"]
[WhiteElo "2473"]
[BlackElo "2297"]
[EventDate "2015.08.02"]
[PlyCount "113"]

1.d4 d5 2.c4 c6 3.Nc3 Nf6 4.e3 Bf5 5.cxd5 cxd5 6.Qb3 Nc6 7.Qxb7 Bd7 8.Qb3 
Rb8 9.Qd1 e5 10.dxe5 Nxe5 11.Be2 Bd6 12.Nf3 O-O 13.O-O Qe7 14.Nd4 Rfd8 15.
b3 Rb6 16.Bd2 Bb8 17.f4 Neg4 18.Rf3 Bd6 19.Rg3 Nh6 20.Rg5 Bc8 21.Na4 Rb8 
22.Nc6 Qe8 23.Nxd8 Qxd8 24.Bd3 Qe7 25.Qe1 g6 26.Rc1 Bf5 27.Bxf5 Nxf5 28.
Rxf5 gxf5 29.Bc3 h6 30.Bd4 Ne4 31.Nc3 Qe6 32.Nxe4 fxe4 33.h3 Kh7 34.Qh4 
Rg8 35.Qf6 a5 36.Qxe6 fxe6 37.Rc6 Bb4 38.Rxe6 Rc8 39.f5 h5 40.h4 Be1 41.
Re7+ Kg8 42.Rg7+ Kf8 43.Rh7 Rc1 44.Kh2 Bxh4 45.Rxh5 Be7 46.f6 Bd6+ 47.Kh3 
Kf7 48.Rxd5 Ke6 49.Rg5 Rh1+ 50.Kg4 Rh2 51.g3 Rxa2 52.Kh5 Kf7 53.Rg7+ Ke6 
54.g4 Rd2 55.Kg6 Rf2 56.g5 Rh2 57.Ra7 1-0

[Event "13th Asia-ch"]
[Site "Al-Ain UAE"]
[Date "2015.08.08"]
[Round "7"]
[White "Liu Chang"]
[Black "Wang Yiye"]
[Result "1/2-1/2"]
[WhiteElo "2353"]
[BlackElo "2439"]
[EventDate "2015.08.02"]
[PlyCount "28"]

1.d4 d5 2.c4 c6 3.Nf3 Nf6 4.Nc3 e6 5.Bg5 Nbd7 6.e3 Be7 7.Rc1 O-O 8.Bd3 a6 
9.O-O dxc4 10.Bxc4 b5 11.Be2 Bb7 12.Bxf6 Nxf6 13.Ne5 c5 14.dxc5 Bxc5 
1/2-1/2

[Event "13th Asia-ch"]
[Site "Al-Ain UAE"]
[Date "2015.08.08"]
[Round "7"]
[White "Hossain, Enamul"]
[Black "Isaev, Jamshed"]
[Result "1/2-1/2"]
[WhiteElo "2436"]
[BlackElo "2300"]
[EventDate "2015.08.02"]
[PlyCount "89"]

1.e4 e5 2.Nf3 Nc6 3.Bc4 Bc5 4.c3 Nf6 5.d3 a6 6.Bb3 d6 7.h3 Ba7 8.Nbd2 O-O 
9.Nf1 d5 10.Qe2 Be6 11.Bg5 dxe4 12.dxe4 Bxb3 13.axb3 Qd6 14.N1d2 h6 15.Nc4
Qe6 16.Bxf6 Qxf6 17.O-O Rad8 18.Rfd1 Qe6 19.b4 f6 20.Nh4 Rxd1+ 21.Rxd1 Rd8
22.Na5 Rxd1+ 23.Qxd1 Nxa5 24.bxa5 Qa2 25.Qd5+ Qxd5 26.exd5 Kf7 27.Nf5 Bc5 
28.b4 Bf8 29.g4 g6 30.Ng3 b6 31.axb6 cxb6 32.Kf1 Ke7 33.Ke2 Kd6 34.Ne4+ 
Kxd5 35.Nxf6+ Kc4 36.Kd2 Bd6 37.Kc2 a5 38.bxa5 bxa5 39.Ne4 Bc5 40.Nd2+ Kd5
41.f3 Be3 42.Ne4 Kc4 43.Nd6+ Kc5 44.Ne4+ Kc4 45.Nd6+ 1/2-1/2

[Event "13th Asia-ch"]
[Site "Al-Ain UAE"]
[Date "2015.08.08"]
[Round "7"]
[White "Mamyrbay, Assad"]
[Black "Kostenko, Petr"]
[Result "1-0"]
[WhiteElo "2217"]
[BlackElo "2431"]
[EventDate "2015.08.02"]
[PlyCount "108"]

1.e4 c5 2.Nf3 e6 3.c3 d5 4.exd5 exd5 5.Bb5+ Nc6 6.d4 Bd6 7.O-O Ne7 8.dxc5 
Bxc5 9.Nbd2 O-O 10.Nb3 Bd6 11.Bd3 h6 12.h3 Bc7 13.Bc2 Bf5 14.Be3 Re8 15.
Re1 Be4 16.Nc5 Nf5 17.Bd2 Nd6 18.Bf4 Bxc2 19.Qxc2 Bb6 20.Rxe8+ Nxe8 21.Nb3
Nd6 22.Rd1 Ne4 23.Nbd4 Qf6 24.Be3 Na5 25.Nd2 Nxd2 26.Bxd2 Nc4 27.Bc1 Re8 
28.Nf3 Ne5 29.Nd4 Nc6 30.Be3 Bxd4 31.cxd4 Qd6 32.Qb3 Qd7 33.Rc1 Na5 34.Qc3
Nc4 35.Re1 a6 36.b3 Nd6 37.Rc1 Rc8 38.Qa5 Rxc1+ 39.Bxc1 Nf5 40.Qc3 Qe6 41.
Kh2 h5 42.Bb2 Qe4 43.Qc8+ Kh7 44.Qc7 Kg6 45.Qxb7 Qc2 46.Qxa6+ f6 47.Ba3 
Qxa2 48.Qa8 Qxf2 49.Qe8+ Kg5 50.Bc1+ Kh4 51.Qg6 Ng3 52.Qxg7 Ne2 53.Be3 
Qxe3 54.Qxf6+ Qg5 1-0

[Event "13th Asia-ch"]
[Site "Al-Ain UAE"]
[Date "2015.08.08"]
[Round "7"]
[White "Venkatesh, Marani Rajendran"]
[Black "Lodhi, Mahmood"]
[Result "1-0"]
[WhiteElo "2484"]
[BlackElo "2310"]
[EventDate "2015.08.02"]
[PlyCount "43"]

1.e4 e5 2.Nf3 Nc6 3.d4 Nf6 4.d5 Ne7 5.Nxe5 Nxe4 6.Qe2 Nd6 7.Nc3 f6 8.Nf3 
Kf7 9.Bd2 b5 10.O-O-O a6 11.g4 Bb7 12.g5 Ng6 13.h4 Nc4 14.h5 Nge5 15.Nxe5+
Nxe5 16.h6 Ng6 17.gxf6 gxf6 18.Qh5 b4 19.Ne4 Qe7 20.Re1 Re8 21.f4 b3 22.
axb3 1-0

[Event "13th Asia-ch"]
[Site "Al-Ain UAE"]
[Date "2015.08.08"]
[Round "7"]
[White "Nezad, Husein Aziz"]
[Black "Li Di"]
[Result "1-0"]
[WhiteElo "2404"]
[BlackElo "2384"]
[EventDate "2015.08.02"]
[PlyCount "45"]

1.d4 Nf6 2.c4 g6 3.Nc3 d5 4.Bg5 Ne4 5.Bh4 Nxc3 6.bxc3 dxc4 7.e3 Be6 8.Be2 
Bg7 9.Nh3 Bxh3 10.gxh3 O-O 11.Bxc4 Nd7 12.O-O Nb6 13.Be2 Qd7 14.Bf3 c6 15.
Bg2 e5 16.Qb3 exd4 17.cxd4 c5 18.dxc5 Bxa1 19.Rxa1 Qa4 20.Bg3 Qxb3 21.axb3
Nd7 22.b4 a5 23.Bxb7 1-0

[Event "13th Asia-ch"]
[Site "Al-Ain UAE"]
[Date "2015.08.08"]
[Round "7"]
[White "Abdyjapar, Asyl"]
[Black "Iyti, Basher"]
[Result "1/2-1/2"]
[WhiteElo "2392"]
[BlackElo "2305"]
[EventDate "2015.08.02"]
[PlyCount "82"]

1.d4 g6 2.Nf3 Nf6 3.c4 c6 4.Nc3 d5 5.e3 Bg7 6.Bd3 O-O 7.h3 Nbd7 8.O-O dxc4
9.Bxc4 c5 10.d5 Nb6 11.Qe2 Nxc4 12.Qxc4 Nd7 13.a4 a6 14.Bd2 b6 15.e4 Qc7 
16.b4 Qd6 17.b5 a5 18.Rad1 Bb7 19.Ne2 e5 20.Bc3 Rae8 21.Qa2 h6 22.Nd2 f5 
23.Nc4 Qe7 24.f4 fxe4 25.Nxe5 Qd6 26.Ng3 Nxe5 27.Nxe4 Nf3+ 28.gxf3 Qd7 29.
Bxg7 Qxg7 30.d6+ Kh7 31.d7 Rd8 32.Qe6 Bxe4 33.fxe4 Rf7 34.Qxb6 Rdxd7 35.
Rxd7 Rxd7 36.Qxc5 Rd3 37.Qe5 Qa7+ 38.Rf2 Rd2 39.b6 Qxb6 40.Qe7+ Kg8 41.
Qe8+ Kg7 1/2-1/2

[Event "13th Asia-ch"]
[Site "Al-Ain UAE"]
[Date "2015.08.08"]
[Round "7"]
[White "Byambaa, Zulzaga"]
[Black "Tologontegin, Semetey"]
[Result "1/2-1/2"]
[WhiteElo "2258"]
[BlackElo "2390"]
[EventDate "2015.08.02"]
[PlyCount "143"]

1.e4 c5 2.Nf3 a6 3.c3 e6 4.d4 d5 5.e5 Qb6 6.dxc5 Bxc5 7.Qc2 Nc6 8.Bd3 Qc7 
9.Qe2 Nge7 10.O-O Bd7 11.Nbd2 Ba7 12.Nb3 Ng6 13.Re1 Bb8 14.Bxg6 fxg6 15.
Nbd4 O-O 16.Nxc6 bxc6 17.b4 c5 18.Ba3 Ba7 19.bxc5 Bxc5 20.Bxc5 Qxc5 21.
Rac1 h6 22.Nd4 Kh7 23.h4 Qe7 24.g3 g5 25.hxg5 Qxg5 26.Rb1 Rf7 27.Rb7 Qg6 
28.Qc2 Qxc2 29.Nxc2 Rc8 30.Re3 Rcf8 31.f4 g5 32.Kh2 Rg7 33.Rf3 gxf4 34.
gxf4 Rfg8 35.Nd4 Kh8 36.Rf2 Rg4 37.Rf3 Rg2+ 38.Kh3 Be8 39.Rb8 R2g6 40.Kh2 
h5 41.Rb2 Bf7 42.Rbf2 Rg4 43.Rh3 Kh7 44.Nf3 Rc8 45.Nd4 Rb8 46.Rhf3 Rb1 47.
Rf1 Rh4+ 48.Kg3 Rg4+ 49.Kh3 Rb6 50.Rg3 Rxg3+ 51.Kxg3 Bg6 52.Kh4 Kh6 53.Rg1
a5 54.a4 Bh7 55.Rg3 Bg6 56.Rg1 Bh7 57.Re1 Be4 58.c4 Rb4 59.Nxe6 Rxc4 60.
Ng5 Bf5 61.Rf1 Kg6 62.e6 Kf6 63.Kxh5 Bxe6 64.Nxe6 Kxe6 65.Kg6 Rxa4 66.f5+ 
Ke7 67.f6+ Kf8 68.Rd1 Rg4+ 69.Kf5 Rh4 70.Rxd5 Rh5+ 71.Ke6 Rxd5 72.Kxd5 
1/2-1/2

[Event "13th Asia-ch"]
[Site "Al-Ain UAE"]
[Date "2015.08.08"]
[Round "7"]
[White "Rathnakaran, Kantholi"]
[Black "Xu Xiangyu"]
[Result "1-0"]
[WhiteElo "2417"]
[BlackElo "2257"]
[EventDate "2015.08.02"]
[PlyCount "117"]

1.e4 c5 2.Nf3 Nc6 3.Bb5 g6 4.c3 Nf6 5.d3 Bg7 6.Be3 b6 7.h3 O-O 8.Nbd2 Bb7 
9.O-O Qc7 10.Re1 e5 11.Rc1 a6 12.Ba4 d5 13.Bg5 dxe4 14.dxe4 Nh5 15.Bb3 h6 
16.Be3 Nf4 17.Bxf4 exf4 18.Bd5 Rad8 19.Qc2 Bc8 20.a4 Ne7 21.Qb3 Nxd5 22.
exd5 Qb7 23.c4 b5 24.cxb5 axb5 25.Rxc5 bxa4 26.Qxa4 g5 27.Rb5 Qc7 28.Qb4 
Ba6 29.Ra5 Bd3 30.Rc5 Qd6 31.Nc4 Bxc4 32.Qxc4 Bxb2 33.Rd1 Bg7 34.Nd2 Rfe8 
35.Nb3 Bf8 36.Rb5 Re5 37.Na5 Rde8 38.Rbb1 Re2 39.Nb7 Qd7 40.d6 f3 41.Qg4 
R8e6 42.Qxf3 Rc2 43.Rd5 Bxd6 44.Qd1 Rc6 45.Nc5 Rxc5 46.Rxc5 Rf6 47.Rc3 Qa7
48.Rf3 Be5 49.Rxf6 Bxf6 50.Qd5 Qe7 51.g3 Kg7 52.Rb7 Qe1+ 53.Kg2 Qe8 54.Kf3
Ba1 55.Qd7 Qf8 56.h4 Bf6 57.h5 Kg8 58.Kg2 Bg7 59.Qc7 1-0

[Event "13th Asia-ch"]
[Site "Al-Ain UAE"]
[Date "2015.08.08"]
[Round "7"]
[White "Pascua, Haridas"]
[Black "Bayarmandakh, Balgan"]
[Result "1-0"]
[WhiteElo "2447"]
[BlackElo "2225"]
[EventDate "2015.08.02"]
[PlyCount "77"]

1.d4 c5 2.d5 e5 3.c4 d6 4.Nc3 g6 5.e4 Bg7 6.Be3 Ne7 7.g4 a6 8.Bd3 Nd7 9.
Qd2 Nf6 10.f3 h5 11.g5 Nd7 12.Nge2 Rb8 13.Ng3 Qc7 14.O-O O-O 15.Rf2 b5 16.
cxb5 c4 17.Be2 axb5 18.a4 bxa4 19.Rxa4 Nb6 20.Ra5 Bh3 21.Nb5 Qd7 22.Na3 
Rfc8 23.Ra6 c3 24.bxc3 Na4 25.Ra7 Qe8 26.Nc4 Rxc4 27.Bxc4 Nc8 28.Ra6 Rb1+ 
29.Nf1 Ncb6 30.Bd3 Rb2 31.Qc1 Rb3 32.Rc2 Qc8 33.Nd2 Nc5 34.Nxb3 Nxd3 35.
Qa3 Nc4 36.Qa4 Kh7 37.Rc6 Nxe3 38.Rxc8 Nxc2 39.Qe8 1-0

[Event "13th Asia-ch"]
[Site "Al-Ain UAE"]
[Date "2015.08.08"]
[Round "7"]
[White "Salih Akar, Ali"]
[Black "Nassar, Marwan"]
[Result "1/2-1/2"]
[WhiteElo "2359"]
[BlackElo "2030"]
[EventDate "2015.08.02"]
[PlyCount "63"]

1.e4 d5 2.exd5 Qxd5 3.Nc3 Qd6 4.d4 Nf6 5.Nf3 c6 6.Be2 Bf5 7.Ne5 Nbd7 8.Nc4
Qc7 9.O-O Nb6 10.Ne5 e6 11.Bf4 Bd6 12.Bg3 Nbd7 13.Nc4 Bxg3 14.hxg3 O-O 15.
Bf3 Rfd8 16.Qe2 Nb6 17.g4 Nxg4 18.Bxg4 Bxg4 19.Qxg4 Nxc4 20.b3 Nd6 21.Rfd1
Qa5 22.Rd3 Qf5 23.Qe2 Nb5 24.Nxb5 Qxb5 25.Rad1 Qb4 26.c3 Qe7 27.c4 Rd7 28.
d5 cxd5 29.cxd5 Rad8 30.dxe6 fxe6 31.Rxd7 Rxd7 32.Rxd7 1/2-1/2

[Event "13th Asia-ch"]
[Site "Al-Ain UAE"]
[Date "2015.08.08"]
[Round "7"]
[White "Al-Attar, Rakan"]
[Black "Asgarizadeh, Mohammad Reza"]
[Result "0-1"]
[WhiteElo "2012"]
[BlackElo "2276"]
[EventDate "2015.08.02"]
[PlyCount "124"]

1.e4 e5 2.Nc3 Nf6 3.g3 Bc5 4.Bg2 a6 5.Nge2 Nc6 6.O-O d6 7.h3 Be6 8.d3 Qd7 
9.Kh2 h5 10.Nd5 Bxd5 11.exd5 Ne7 12.c4 Nf5 13.Qe1 Bb6 14.b4 a5 15.d4 Bxd4 
16.Nxd4 Nxd4 17.Qd2 Qf5 18.f4 Qc2 19.fxe5 dxe5 20.Re1 Qxd2 21.Rxe5+ Kd7 
22.Bxd2 axb4 23.Bxb4 Nc2 24.Rb1 Nxb4 25.Rxb4 b6 26.Rb2 Kd6 27.Rf5 Ra4 28.
Rc2 Rha8 29.Rff2 Ra3 30.Bf3 Re8 31.g4 Ree3 32.Kg2 h4 33.Rce2 Nd7 34.Rxe3 
Rxe3 35.Re2 Rxe2+ 36.Bxe2 Ke5 37.Kf3 Kd4 38.Kf4 Ne5 39.Kg5 Nxc4 40.Kxh4 
Kxd5 41.Kg5 Ne5 42.Kf5 f6 43.Bd1 c5 44.Bb3+ c4 45.Ba4 c3 46.Bb3+ Kd4 47.
Bc2 Ke3 48.g5 Nf3 49.gxf6 Nd4+ 50.Kg6 gxf6 51.Bb1 f5 52.h4 f4 53.h5 f3 54.
h6 Ne6 55.Bf5 f2 56.Bxe6 f1=Q 57.h7 Qh1 58.Bb3 Kd2 59.Kg7 c2 60.Bxc2 Kxc2 
61.h8=Q Qxh8+ 62.Kxh8 Kb2 0-1

[Event "13th Asia-ch"]
[Site "Al-Ain UAE"]
[Date "2015.08.08"]
[Round "7"]
[White "Said, Ishaq"]
[Black "Hj Azahari, Md Aliuddin"]
[Result "1-0"]
[WhiteElo "2252"]
[BlackElo "2024"]
[EventDate "2015.08.02"]
[PlyCount "57"]

1.d4 Nf6 2.c4 c5 3.d5 b5 4.cxb5 a6 5.b6 e6 6.Nc3 exd5 7.Nxd5 Nxd5 8.Qxd5 
Nc6 9.Bd2 Be7 10.Bc3 O-O 11.e3 Qxb6 12.Nf3 d6 13.Bd3 Nb4 14.Bxh7+ Kxh7 15.
Qe4+ Kg8 16.Qxe7 Nc2+ 17.Kd2 Nxa1 18.Qg5 Nb3+ 19.axb3 f6 20.Qd5+ Be6 21.
Qxe6+ Rf7 22.Kc2 Qb5 23.Rd1 Rd8 24.Qc4 Qc6 25.Rd5 Kf8 26.Nh4 Ra8 27.Ng6+ 
Ke8 28.Rh5 Qxg2 29.Qe6+ 1-0

[Event "13th Asia-ch"]
[Site "Al-Ain UAE"]
[Date "2015.08.08"]
[Round "7"]
[White "Ayyad, Maher"]
[Black "Anuruddha, Galappaththi Chinthaka"]
[Result "0-1"]
[WhiteElo "2122"]
[BlackElo "2066"]
[EventDate "2015.08.02"]
[PlyCount "80"]

1.d4 Nf6 2.Nf3 g6 3.c4 Bg7 4.g3 O-O 5.Bg2 d6 6.Nc3 Na6 7.O-O c5 8.b3 Bd7 
9.Bb2 Bc6 10.d5 Bd7 11.Qd2 Nc7 12.e4 a6 13.Rfe1 Nfe8 14.e5 Rb8 15.Ne4 b5 
16.Bc3 Bg4 17.Neg5 h6 18.exd6 Nxd6 19.Bxg7 Kxg7 20.Ne4 Bxf3 21.Bxf3 bxc4 
22.bxc4 Nxe4 23.Rxe4 Ne8 24.Rae1 Rb7 25.Qc3+ Nf6 26.Re5 Qd6 27.h4 h5 28.
Bxh5 gxh5 29.Rg5+ Kh7 30.Ree5 Rg8 31.Qd3+ Kh8 32.Qc3 Rg7 33.Rxg7 Kxg7 34.
Rg5+ Kh7 35.Qd3+ Kh8 36.Qc3 Qb6 37.Rxh5+ Kg8 38.Rg5+ Kf8 39.Re5 Qb2 40.Qe3
Ng4 0-1

[Event "13th Asia-ch"]
[Site "Al-Ain UAE"]
[Date "2015.08.08"]
[Round "7"]
[White "Bukhari, Mohameed"]
[Black "Sulimani, Yaser"]
[Result "1/2-1/2"]
[WhiteElo "1737"]
[BlackElo "1760"]
[EventDate "2015.08.02"]
[PlyCount "47"]

1.e4 e5 2.Nf3 Nc6 3.h3 Nf6 4.d3 d5 5.Qe2 d4 6.Bd2 Nb4 7.Bxb4 Bxb4+ 8.c3 
dxc3 9.bxc3 Bd6 10.Qc2 c5 11.Nbd2 O-O 12.Nc4 Be6 13.Ncxe5 Qc7 14.Nc4 Bxc4 
15.dxc4 Nxe4 16.Be2 Rfe8 17.O-O Nf6 18.Bd3 Re7 19.Rae1 Rae8 20.Rxe7 Rxe7 
21.a4 b6 22.Rd1 h6 23.Nh4 g6 24.Nf3 1/2-1/2

[Event "13th Asia-ch"]
[Site "Al-Ain UAE"]
[Date "2015.08.09"]
[Round "8"]
[White "Gupta, Abhijeet"]
[Black "Ganguly, Surya Shekhar"]
[Result "1/2-1/2"]
[WhiteElo "2619"]
[BlackElo "2631"]
[EventDate "2015.08.02"]
[PlyCount "38"]

1.Nf3 Nf6 2.c4 e6 3.d4 d5 4.Nc3 Be7 5.g3 O-O 6.Bg2 dxc4 7.Ne5 Nc6 8.Bxc6 
bxc6 9.Nxc6 Qe8 10.Nxe7+ Qxe7 11.Qa4 c5 12.dxc5 Qxc5 13.Be3 Qc7 14.Rd1 Bb7
15.O-O Nd5 16.Bd4 Rfd8 17.f3 e5 18.Nxd5 Bxd5 19.Be3 Be6 1/2-1/2

[Event "13th Asia-ch"]
[Site "Al-Ain UAE"]
[Date "2015.08.09"]
[Round "8"]
[White "Nguyen Ngoc Truong Son"]
[Black "Salem, A. R. Saleh"]
[Result "0-1"]
[WhiteElo "2662"]
[BlackElo "2595"]
[EventDate "2015.08.02"]
[PlyCount "97"]

1.e4 c5 2.Nf3 d6 3.d4 cxd4 4.Nxd4 Nf6 5.Nc3 a6 6.g3 e5 7.Nde2 Be7 8.Bg2 
O-O 9.O-O Nbd7 10.a4 b6 11.Nd5 Bb7 12.Nec3 Rc8 13.Bh3 Rc4 14.Qe2 Bxd5 15.
Nxd5 Rxe4 16.Nxe7+ Qxe7 17.Qxa6 Nc5 18.Qxb6 Nd5 19.Qb5 Nc7 20.Qa5 Ra8 21.
Qd2 Rexa4 22.Rxa4 Rxa4 23.Bg2 h6 24.b4 N5e6 25.c3 Qd7 26.Qd3 d5 27.f4 Qb5 
28.Qc2 e4 29.f5 Ng5 30.Bf4 Ne8 31.Rb1 Nf6 32.Bf1 Qb6+ 33.Kg2 Ng4 34.c4 Qd4
35.Bxg5 hxg5 36.Kh1 Ra1 37.Rxa1 Qxa1 38.Qe2 dxc4 39.Qxc4 Ne3 40.Qe2 Qxf1+ 
41.Qxf1 Nxf1 42.b5 e3 43.Kg2 e2 44.Kf2 Nxh2 45.b6 Ng4+ 46.Kxe2 Ne5 47.b7 
Nc6 48.Kf3 Kf8 49.Kg2 0-1

[Event "13th Asia-ch"]
[Site "Al-Ain UAE"]
[Date "2015.08.09"]
[Round "8"]
[White "Le Quang Liem"]
[Black "Zhou Jianchao"]
[Result "1/2-1/2"]
[WhiteElo "2699"]
[BlackElo "2600"]
[EventDate "2015.08.02"]
[PlyCount "104"]

1.d4 Nf6 2.c4 e6 3.Nc3 Bb4 4.e3 O-O 5.Ne2 d5 6.a3 Bd6 7.c5 Be7 8.b4 c6 9.
Nf4 Nbd7 10.Bb2 Qc7 11.Be2 Re8 12.O-O e5 13.dxe5 Nxe5 14.h3 Bf8 15.Re1 Bf5
16.g4 Bd7 17.g5 Ne4 18.Nxe4 dxe4 19.Qc2 Bf5 20.Rad1 Qe7 21.h4 f6 22.Qc3 
fxg5 23.Qxe5 Qxe5 24.Bxe5 Rxe5 25.hxg5 g6 26.Bc4+ Kh8 27.Rd4 Be7 28.Ne2 
Bxg5 29.Ng3 Bh4 30.Nxf5 Rxf5 31.Rf1 Re8 32.f4 g5 33.Rd7 gxf4 34.Rxf4 Rxf4 
35.exf4 e3 36.Kf1 Re4 37.Bd3 Rxf4+ 38.Ke2 Bg5 39.Rxh7+ Kg8 40.Rh2 Kf7 41.
Rg2 Bh6 42.Rh2 Rf6 43.Bf5 Ke7 44.Bc8 b6 45.cxb6 axb6 46.a4 Kd8 47.Ba6 Kc7 
48.Bd3 Kb8 49.Be4 Rd6 50.Bd3 Rf6 51.Be4 Rd6 52.Bd3 Rf6 1/2-1/2

[Event "13th Asia-ch"]
[Site "Al-Ain UAE"]
[Date "2015.08.09"]
[Round "8"]
[White "Santosh Gujrathi, Vidit"]
[Black "Sengupta, Deep"]
[Result "1-0"]
[WhiteElo "2644"]
[BlackElo "2594"]
[EventDate "2015.08.02"]
[PlyCount "107"]

1.c4 e5 2.g3 Nc6 3.Bg2 Bc5 4.Nc3 a6 5.e3 d6 6.Nge2 Ba7 7.d4 h5 8.h3 Nge7 
9.dxe5 dxe5 10.Qxd8+ Nxd8 11.b3 Ne6 12.Ba3 Nc6 13.Nd5 Bd7 14.O-O-O O-O-O 
15.Rd2 Kb8 16.Rhd1 Bc8 17.b4 e4 18.Bb2 f5 19.Bc3 Rde8 20.h4 Ne7 21.Ndf4 
Ka8 22.Bf1 Rhg8 23.Nxh5 c5 24.b5 axb5 25.cxb5 Ng6 26.Ng1 Bb8 27.Bc4 Ne5 
28.Bxe5 Bxe5 29.Ne2 Rh8 30.Nhf4 Nxf4 31.Nxf4 Bxf4 32.exf4 Be6 33.Bxe6 Rxe6
34.Re2 Ka7 35.Rd5 g6 36.Rxc5 Rd8 37.a4 Kb6 38.Re5 Red6 39.h5 Rd1+ 40.Kc2 
gxh5 41.Rxf5 R1d4 42.Re5 Rc8+ 43.Kb1 Rb4+ 44.Rb2 Rxa4 45.Rxh5 Rac4 46.Re5 
Rd8 47.Re2 Rdd4 48.f5 Rb4+ 49.Kc1 Rxb5 50.Rxb5+ Kxb5 51.g4 e3 52.f3 Rd3 
53.f6 Kc4 54.f7 1-0

[Event "13th Asia-ch"]
[Site "Al-Ain UAE"]
[Date "2015.08.09"]
[Round "8"]
[White "Lin Chen"]
[Black "Sasikiran, Krishnan"]
[Result "1/2-1/2"]
[WhiteElo "2494"]
[BlackElo "2640"]
[EventDate "2015.08.02"]
[PlyCount "60"]

1.e4 e5 2.Nf3 Nc6 3.Nc3 Nf6 4.d4 exd4 5.Nxd4 Bb4 6.Nxc6 bxc6 7.Bd3 d5 8.
exd5 cxd5 9.O-O O-O 10.Bg5 c6 11.Qf3 Rb8 12.Ne2 Bg4 13.Bxf6 Bxf3 14.Bxd8 
Bxe2 15.Bxe2 Rfxd8 16.Rfd1 Be7 17.b3 Bf6 18.Rac1 Bg5 19.Rb1 a5 20.g3 g6 
21.Bf3 Kg7 22.c4 dxc4 23.bxc4 Rxb1 24.Rxb1 Rd2 25.a4 Bf6 26.Bxc6 Bd4 27.
Rf1 f5 28.Kg2 Rc2 29.Bb5 g5 30.c5 Bxc5 1/2-1/2

[Event "13th Asia-ch"]
[Site "Al-Ain UAE"]
[Date "2015.08.09"]
[Round "8"]
[White "Sethuraman, Panayapan"]
[Black "Khusnutdinov, Rustam"]
[Result "1-0"]
[WhiteElo "2635"]
[BlackElo "2510"]
[EventDate "2015.08.02"]
[PlyCount "75"]

1.e4 e6 2.d4 d5 3.Nd2 Nc6 4.Ngf3 Nf6 5.e5 Nd7 6.Be2 Be7 7.Nf1 O-O 8.Ne3 f6
9.exf6 Nxf6 10.O-O Bd6 11.c4 b6 12.b3 Bb7 13.Bb2 Bf4 14.a3 Kh8 15.Qd3 Ne4 
16.g3 Ng5 17.Nxg5 Bxg5 18.cxd5 exd5 19.f4 Bf6 20.b4 Ne7 21.Rac1 c6 22.a4 
Nc8 23.g4 Nd6 24.Bf3 a6 25.Bg2 b5 26.Rf3 Kg8 27.g5 Be7 28.Ng4 Nc4 29.Bc3 
Bc8 30.Bh3 Bxg5 31.fxg5 Rxf3 32.Qxf3 Qxg5 33.Re1 h5 34.Re8+ Kh7 35.Qg3 
hxg4 36.Bf1 Nb6 37.a5 Bf5 38.Re5 1-0

[Event "13th Asia-ch"]
[Site "Al-Ain UAE"]
[Date "2015.08.09"]
[Round "8"]
[White "Zhang Zhong"]
[Black "Harika, Dronavalli"]
[Result "1-0"]
[WhiteElo "2628"]
[BlackElo "2509"]
[EventDate "2015.08.02"]
[PlyCount "95"]

1.e4 e6 2.d4 d5 3.e5 c5 4.c3 Qb6 5.Nf3 Nc6 6.a3 Nh6 7.b4 cxd4 8.Bxh6 gxh6 
9.cxd4 Bd7 10.Ra2 Rg8 11.g3 Rg4 12.Rd2 a5 13.b5 Re4+ 14.Be2 Qxb5 15.O-O 
Qb6 16.Bd3 Be7 17.Nc3 Rxd4 18.Nxd4 Nxd4 19.Bxh7 Nc6 20.Qh5 Bxa3 21.Rxd5 
exd5 22.Nxd5 Qd4 23.Nf6+ Ke7 24.Rd1 Bg4 25.Nd5+ Qxd5 26.Qh4+ Ke8 27.Rxd5 
h5 28.Qg5 a4 29.Bf5 Ne7 30.Bxg4 Nxd5 31.Qg8+ Bf8 32.Bxh5 Ne7 33.Qxf7+ Kd7 
34.Qf6 Nc6 35.Qf7+ Be7 36.Bg4+ Kc7 37.f4 Kb6 38.Kg2 Bc5 39.Bf3 a3 40.Bd5 
Ra7 41.Bc4 Nb4 42.Qd7 Nc6 43.Qe6 Ra4 44.h4 Ka5 45.Qd5 Kb6 46.h5 Nb4 47.Qd7
Nc6 48.Qe6 1-0

[Event "13th Asia-ch"]
[Site "Al-Ain UAE"]
[Date "2015.08.09"]
[Round "8"]
[White "Humpy, Koneru"]
[Black "Nguyen Djuc Hoa"]
[Result "1/2-1/2"]
[WhiteElo "2585"]
[BlackElo "2500"]
[EventDate "2015.08.02"]
[PlyCount "96"]

1.d4 Nf6 2.c4 e6 3.Nf3 Bb4+ 4.Nbd2 d5 5.Qa4+ Nc6 6.a3 Bxd2+ 7.Bxd2 Ne4 8.
Rd1 O-O 9.e3 Bd7 10.Qc2 a5 11.Bd3 f5 12.O-O Be8 13.cxd5 exd5 14.Ne5 Nxe5 
15.dxe5 Qe7 16.Bc3 Bh5 17.Rc1 c5 18.f3 Nxc3 19.Qxc3 b6 20.f4 Rad8 21.Qc2 
Qd7 22.Rf2 Kh8 23.Rd2 Qe6 24.Bf1 Rd7 25.b4 axb4 26.axb4 Rc7 27.Qd3 Rd8 28.
Rdc2 Qe7 29.Qb5 c4 30.Qxb6 Rb7 31.Qa5 Bf7 32.Rb2 Rdb8 33.Rcb1 h6 34.Qa3 
Ra7 35.Qc3 Rb5 36.Be2 Ra6 37.Qd4 Ra4 38.Qd2 Ra3 39.Qd4 Ra4 40.Qc3 Qa7 41.
Kf2 Ra3 42.Qd4 Qe7 43.g3 Ra4 44.Qd2 Qa7 45.Bd1 Ra3 46.Qd4 Qe7 47.Bc2 Be6 
48.Kg1 Qb7 1/2-1/2

[Event "13th Asia-ch"]
[Site "Al-Ain UAE"]
[Date "2015.08.09"]
[Round "8"]
[White "Kunte, Abhijit"]
[Black "Idani, Pouya"]
[Result "1/2-1/2"]
[WhiteElo "2493"]
[BlackElo "2568"]
[EventDate "2015.08.02"]
[PlyCount "51"]

1.d4 Nf6 2.c4 e6 3.Nf3 b6 4.g3 Bb4+ 5.Bd2 Be7 6.Bg2 c6 7.O-O d5 8.Bf4 O-O 
9.Nc3 Bb7 10.Rc1 Nh5 11.Bxb8 Rxb8 12.Ne5 Nf6 13.Qa4 Bd6 14.cxd5 cxd5 15.
Nb5 a6 16.Nxd6 Qxd6 17.Rc2 Rfc8 18.Rfc1 g6 19.e3 Rxc2 20.Rxc2 Rc8 21.Rxc8+
Bxc8 22.Bf1 a5 23.a3 Qc7 24.Qc6 Qxc6 25.Nxc6 Kf8 26.f3 1/2-1/2

[Event "13th Asia-ch"]
[Site "Al-Ain UAE"]
[Date "2015.08.09"]
[Round "8"]
[White "Ghaem Maghami, Ehsan"]
[Black "Karthikeyan, Pandian"]
[Result "1/2-1/2"]
[WhiteElo "2609"]
[BlackElo "2426"]
[EventDate "2015.08.02"]
[PlyCount "47"]

1.Nf3 Nf6 2.c4 c5 3.Nc3 Nc6 4.d4 cxd4 5.Nxd4 Qb6 6.Nb3 e6 7.a3 Be7 8.e4 
O-O 9.Be3 Qc7 10.Rc1 b6 11.f4 Bb7 12.Bd3 Rad8 13.O-O Qb8 14.Qf3 g6 15.Qh3 
d6 16.f5 Ne5 17.Bg5 exf5 18.exf5 Nxd3 19.Qxd3 d5 20.fxg6 fxg6 21.Bxf6 Bxf6
22.cxd5 Qe5 23.Rce1 Qh5 24.Rd1 1/2-1/2